Online
Catalog

Espacios de la memoria en el Caribe hispánico insular y sus diásporas / (Record no. 58038)

MARC details
000 -CABECERA
campo de control de longitud fija 00987nam a2200301 i 4500
003 - IDENTIFICADOR DEL NÚMERO DE CONTROL
campo de control DO-SdBNP
005 - FECHA Y HORA DE LA ÚLTIMA TRANSACCIÓN
campo de control 20250113142351.0
007 - CAMPO FIJO DE DESCRIPCIÓN FÍSICA--INFORMACIÓN GENERAL
campo de control de longitud fija ta
008 - DATOS DE LONGITUD FIJA--INFORMACIÓN GENERAL
campo de control de longitud fija 250113b2012 pr ||||| |||| 00| 0 spa d
020 ## - NÚMERO INTERNACIONAL ESTÁNDAR DEL LIBRO
Número Internacional Estándar del Libro 9781881748977
040 ## - FUENTE DE LA CATALOGACIÓN
Centro catalogador/agencia de origen DO-SdBNP
Lengua de catalogación spa
Centro/agencia transcriptor BNPHU
Normas de descripción rda
082 #4 - NÚMERO DE LA CLASIFICACIÓN DECIMAL DEWEY
Número de edición 22
Número de clasificación xxxx
Número de documento/Ítem G216e
100 ## - ENTRADA PRINCIPAL--NOMBRE DE PERSONA
Código de función/relación aut.
Nombre de persona García Calderón, Myrna,
Término indicativo de función/relación autor
9 (RLIN) 86889
245 10 - MENCIÓN DE TÍTULO
Título Espacios de la memoria en el Caribe hispánico insular y sus diásporas /
Mención de responsabilidad, etc. Myrna García Calderón
250 ## - MENCIÓN DE EDICIÓN
Mención de edición Primera edición
264 #4 - PRODUCCIÓN, PUBLICACIÓN, DISTRIBUCIÓN, FABRICACIÓN Y COPYRIGHT
Producción, publicación, distribución, fabricación y copyright San Juan, Puerto Rico :
Nombre del de productor, editor, distribuidor, fabricante Editora Libros El Navegante,
Fecha de producción, publicación, distribución, fabricación o copyright ©2012.
300 ## - DESCRIPCIÓN FÍSICA
Extensión 305 páginas ;
Dimensiones 22 cm.
336 ## - TIPO DE CONTENIDO
Término de tipo de contenido texto
Código de tipo de contenido txt
Fuente rdacontent
337 ## - TIPO DE MEDIO
Nombre/término del tipo de medio sin mediación
Código del tipo de medio n
Fuente rdamedia
338 ## - TIPO DE SOPORTE
Nombre/término del tipo de soporte volumen
Código del tipo de soporte nc
Fuente rdacarrier
490 ## - MENCIÓN DE SERIE
Mención de serie Colección En fuga
490 ## - MENCIÓN DE SERIE
Mención de serie Serie Ensayo
504 ## - NOTA DE BIBLIOGRAFÍA, ETC.
Nota de bibliografía, etc. Bibliografía : páginas 283-305
590 ## - NOTA LOCAL (RLIN)
Nota local Inventariado, 2025/BT
830 ## - PUNTO DE ACCESO ADICIONAL DE SERIE-TÍTULO UNIFORME
Título uniforme Colección En fuga
Nombre de parte o sección de la obra Serie Ensayo
9 (RLIN) 86890
910 ## - DATOS DE OPCIÓN DEL USUARIO (OCLC)
Datos de opción del usuario Btavárez
942 ## - ELEMENTOS DE PUNTO DE ACCESO ADICIONAL (KOHA)
Fuente del sistema de clasificación o colocación Dewey Decimal Classification
Tipo de ítem Koha Libro
Holdings
Estado de retiro Estado de pérdida Fuente del sistema de clasificación o colocación Restricciones de uso No para préstamo Código de colección Localización permanente Ubicación/localización actual Ubicación en estantería Fecha de adquisición Fuente de adquisición Total de préstamos Signatura topográfica completa Código de barras Fecha visto por última vez Precio válido a partir de Tipo de ítem Koha Nota pública
    Dewey Decimal Classification Excluido de préstamo   Patrimonio Dominicano Biblioteca Nacional Pedro Henríquez Ureña Biblioteca Nacional Pedro Henríquez Ureña En catalogación 13.01.2025 Donado por la Presidencia de la República Dominicana 2023.   BNPHU PD xxxx G216e 2025-0103 13.01.2025 13.01.2025 Libro Perteneció a la biblioteca personal de René Rodríguez Soriano.

Powered by Koha